Wypisz zawodników Reprezentacji Polski w siatkówce mężczyzn - Statystyki

Ogólne statystyki
  • Ten quiz został rozwiązany 949 razy
  • Średni wynik to 17 z 24
Statystyki odpowiedzi
Zawodnik % Poprawnych
Bartosz Kurek
98%
Paweł Zatorski
89%
Aleksander Śliwka
87%
Wilfredo Leon
87%
Jakub Kochanowski
86%
Karol Kłos
84%
Mateusz Bieniek
80%
Tomasz Fornal
79%
Michał Kubiak
77%
Łukasz Kaczmarek
76%
Kamil Semeniuk
75%
Fabian Drzyzga
73%
Grzegorz Łomacz
73%
Marcin Janusz
70%
Jakub Popiwczak
67%
Piotr Nowakowski
62%
Bartosz Bednorz
59%
Bartosz Kwolek
57%
Damian Wojtaszek
53%
Norbert Huber
51%
Artur Szalpuk
49%
Maciej Muzaj
47%
Dawid Konarski
39%
Marcin Komenda
32%
Nie znaleziono quizów pasujących do podanych kryteriów
Rozkład punktacji
Procent ludzi z każdym wynikiem
Percentyl według liczby udzielonych odpowiedzi
Twoja historia wyników
Nie rozwiązałeś tego quizu